| 000 | 00797cam a2200265 4500 | ||
|---|---|---|---|
| 001 | J803 | ||
| 008 | 090401t1992 xxu||||| |||| 00| 0 eng d | ||
| 035 | _a(Sirsi) u76771 | ||
| 041 | _aeng | ||
| 050 | _a333.0065 | ||
| 110 |
_aEconomic Development Briefing _92461 |
||
| 245 | 4 | _aThe chartered surveyors survey 1992 edition. Volume 1: The property services market. | |
| 260 |
_aCinderford, Glos. _bEconomic Development Briefing _c1992 |
||
| 300 | _a93p. ; 30cm. | ||
| 350 | _a520 | ||
| 490 |
_aEconomic Development Briefing _vXVI |
||
| 650 | _aABOUT RICS-RICS MEMBERS | ||
| 650 | _aDIRECTORIES | ||
| 650 | _aESTATE AGENTS | ||
| 650 | _aFEES | ||
| 690 | _aMANAGEMENT-BUSINESS MANAGEMENT-PROFESSIONAL PRACTICE | ||
| 700 |
_aVom Hove, Tann _xEditor |
||
| 942 | _n0 | ||
| 948 | _c04/03/1997 | ||
| 999 |
_c96245 _d96245 |
||